Capital budgeting practices in Tenaga Nasional Berhad : a case study /
Saved in:
| 主要作者: | |
|---|---|
| 格式: | Thesis 圖書 |
| 語言: | English |
| 出版: |
1995.
|
| 主題: | |
| 在線閱讀: | http://studentsrepo.um.edu.my/id/eprint/2626 |
| 標簽: |
添加標簽
沒有標簽, 成為第一個標記此記錄!
|
| LEADER | 01343cam a2200325 a 4500 | ||
|---|---|---|---|
| 001 | u392349 | ||
| 003 | SIRSI | ||
| 008 | 920824s1995 my t 00 1 eng m | ||
| 035 | |a ABZ-2329 | ||
| 040 | |a UMM | ||
| 043 | |a a-my--- | ||
| 090 | |a HD9685 |b M42Mohna | ||
| 091 | |a Microfiche 13005 | ||
| 100 | 0 | 0 | |a Mohd. Noh Ahmad. |
| 245 | 1 | 0 | |a Capital budgeting practices in Tenaga Nasional Berhad : |b a case study / |c Mohd. Noh B. Ahmad. |
| 260 | |c 1995. | ||
| 300 | |a vi, 85 leaves : |b ill., maps ; |c 30 cm. | ||
| 500 | |a Also available on microfiche. Kuala Lumpur : Perpustakaan Universiti Malaya, 1997. 1 fiches : negative ; 11x15 cm. | ||
| 502 | |a Dissertation (MBA) -- Fakulti Ekonomi dan Pentadbiran, Universiti Malaya, 1995. | ||
| 504 | |a Bibliography: 84-85 leaves. | ||
| 610 | 2 | 0 | |a Tenaga Nasional Bhd. |x Finance. |
| 650 | 0 | |a Capital budget. | |
| 650 | 0 | |a Capital investments. | |
| 650 | 0 | |a Corporations |z Malaysia |x Finance. | |
| 710 | 2 | 0 | |a Universiti Malaya. |b Fakulti Ekonomi dan Pentadbiran. |
| 856 | 4 | 1 | |u http://studentsrepo.um.edu.my/id/eprint/2626 |
| 948 | |a 29/01/1996 |b 09/08/2002 | ||
| 596 | |a 1 | ||
| 999 | |a HD9685 M42MOHNA |w LC |c 1 |i A506171253 |d 28/12/2001 |l B_KOM4 |m P01UTAMA |n 10 |r Y |s Y |t TESIS |u 22/11/1996 |o .PUBLIC. BKOM4:30623 | ||
| 999 | |a HD9685 M42MOHNA |w LC |c 2 |i A506171262 |d 6/9/2008 |e 6/9/2008 |l STACKS |m P01UTAMA |n 10 |r Y |s Y |t TESIS |u 22/11/1996 | ||
